000 00650nam0a22002171 4500
001 rc\547850
005 20250621125529.0
035 _a(NLR Aleph) 005784109
090 _a5136890
_c5136890
100 _a20030616d1988 |||y0rusy50 ca
101 0 _arus
102 _aRU
105 _aa |||||||||
200 1 _aЦЫНЦЫ-БРЫНЦЫ, балалайка
_eРус. нар. считалки
_eКнижка-раскраска
_f[Худож. К.Г. Претро]
210 _aЛ.
_cЛениздат
_d1988
215 _a[32] с.
_cил.
_d28
801 0 _aRU
_bNLR
_gpsbo
801 1 _aRU
_bELAR
_2rusmarc
852 _aNLR
_j88-8/1419
942 _cBOOK
980 _aNB